000 01657cam a22004214i 4500
003 PE-LiUPU
005 20260203121843.0
008 150625s1980 sp r 000 0 spa d
035 _a(Sirsi) a35574
040 _aPE-LiUPU
_bspa
_cPE-LiUPU
_erda
082 0 4 _a236.104
_bL62
_221
100 1 _aLochet, Louis,
_eautor.
245 1 3 _aLa salvacion llega a los infiernos /
_cLouis Lochet.
264 1 _aSantander :
_bSal Terrae,
_c1980.
300 _a175 páginas ;
_c18 centímetros
336 _atext
_2rdacontent
337 _aunmediated
_2rdamedia
338 _avolume
_2rdacarrier
505 0 _aMision imposible. -Como los infiernos pasaron a ser el infierno. -Quien pues se podra salvar. -Señor de lo imposible. -Y como podra suceder esto. -El justo, solidario de los pecadores. -La solidaridad que nos salva. -Desde lo mas alto de los cielos a lo mas profundo de los infiernos. -Lo queyo creo.
526 _aSEG42
526 _aSEG41
526 _aSEG40
526 _aSEG39
526 _aP94
526 _aP87
526 _aP86
526 _aP85
526 _aP77
526 _aP76
526 _aP35
650 0 0 _aSalvación
_9870
650 0 4 _aInfierno.
_93824
942 _2ddc
_cBOOK
949 _a236.104 L62
_wDEWEY
_c1
_i37641
_lCCODEBUL1
_mBUL
_p00.00
_r0
_sY
_tBOOK
_u2015-06-25
_xBIBLIOTECA
_zUNKNOWN
_0COMPRA
_o.STAFF. Colección General
596 _a1
999 _a236.104 L62
_wDEWEY
_c43553
_i37641
_d43553
_e2017-11-28
_f2021-11-10
_g5
_lCCODEBUL1
_mBUL
_n4
_p19.00
_q1
_r0
_sY
_tBOOK
_u2015-6-25
_xTEOLOGIA
_zUNKNOWN
_0COMPRA
_o.STAFF. Colección Teología
980 _818226
_gJaime Vilcazán Jefe de Análisis Documental